[Event "North Bay int"]
[Site "North Bay CAN"]
[Date "1998.08.05"]
[Round "2"]
[White "Whitehead, Jay"]
[Black "Betaneli, Alexander"]
[Result "1-0"]
[WhiteElo "2410"]
[BlackElo "2340"]
[PlyCount "91"]
[GameId "2160767911806579"]
[EventDate "1998.08.05"]
[EventType "swiss"]
[EventRounds "9"]
[EventCountry "CAN"]
[SourceTitle "EXT 1999"]
[Source "ChessBase"]
[SourceDate "1998.11.10"]
[SourceVersion "1"]
[SourceVersionDate "1998.11.10"]
[SourceQuality "1"]

1. d4 Nf6 2. c4 e6 3. Nf3 Bb4+ 4. Nbd2 c5 5. a3 Bxd2+ 6. Bxd2 b6 7. Bg5 Bb7 8. e3 h6 9. Bh4 Nc6 10. d5 Ne7 11. Bxf6 gxf6 12. e4 Ng6 13. g3 d6 14. Bh3 e5 15. Nd2 h5 16. Nf1 b5 17. Ne3 Qa5+ 18. b4 cxb4 19. O-O bxa3 20. cxb5 h4 21. Bg4 Bc8 22. Qf3 hxg3 23. hxg3 Qd8 24. Bxc8 Rxc8 25. Rxa3 Rc7 26. Nf5 Rg8 27. Ra6 Nf4 28. Rxd6 Rd7 29. Rc6 Qa5 30. Rxf6 Qd2 31. Kh2 Rh8+ 32. Rh6 Rxh6+ 33. Nxh6 f5 34. Nxf5 Rh7+ 35. Kg1 Nh3+ 36. Kg2 Qg5 37. Rh1 Nf4+ 38. Kf1 Nh3 39. Qc3 Kd8 40. Qc5 Qh5 41. Qd6+ Ke8 42. Qb8+ Kf7 43. Qxa7+ Kg6 44. Qb6+ Kg5 45. Kg2 Qg4 46. Qd8+ 1-0

[Event "North Bay int"]
[Site "North Bay CAN"]
[Date "1998.08.06"]
[Round "3"]
[White "Betaneli, Alexander"]
[Black "Saleh, Maher"]
[Result "1-0"]
[WhiteElo "2340"]
[BlackElo "2220"]
[PlyCount "85"]
[GameId "2160767911806581"]
[EventDate "1998.08.05"]
[EventType "swiss"]
[EventRounds "9"]
[EventCountry "CAN"]
[SourceTitle "EXT 99"]
[Source "ChessBase"]
[SourceDate "1998.11.10"]
[SourceVersion "1"]
[SourceVersionDate "1998.11.10"]
[SourceQuality "1"]

1. c4 Nf6 2. Nc3 d5 3. cxd5 Nxd5 4. g3 g6 5. Bg2 Nb6 6. d3 Bg7 7. Be3 Nc6 8. Qd2 Nd4 9. Rc1 Nf5 10. Bc5 O-O 11. Nf3 c6 12. O-O Re8 13. b4 Nd7 14. Ne4 a5 15. g4 Nxc5 16. bxc5 Nd4 17. Nxd4 Qxd4 18. e3 Qb4 19. Qe2 a4 20. f4 a3 21. f5 Qb2 22. Rc2 Qe5 23. d4 Qc7 24. Qc4 Rf8 25. Rcf2 Kh8 26. Ng5 e5 27. fxe6 Bxe6 28. Nxe6 fxe6 29. Rxf8+ Rxf8 30. Qxe6 Qd8 31. Rxf8+ Qxf8 32. Bf1 Qd8 33. Bc4 Qf8 34. h4 Qd8 35. Kf1 Qb8 36. Ke2 Qf8 37. h5 gxh5 38. gxh5 Bh6 39. Qf7 Qb8 40. Kf3 Bg7 41. Be6 Qd8 42. Bd7 Bf6 43. h6 1-0

[Event "North Bay int"]
[Site "North Bay CAN"]
[Date "1998.08.06"]
[Round "3"]
[White "Campbell, Brett"]
[Black "Cossette, Daniel"]
[Result "1/2-1/2"]
[WhiteElo "2200"]
[BlackElo "2204"]
[PlyCount "54"]
[GameId "2160767911806583"]
[EventDate "1998.08.05"]
[EventType "swiss"]
[EventRounds "9"]
[EventCountry "CAN"]
[SourceTitle "EXT 99"]
[Source "ChessBase"]
[SourceDate "1998.11.10"]
[SourceVersion "1"]
[SourceVersionDate "1998.11.10"]
[SourceQuality "1"]

1. e4 c5 2. Nc3 Nc6 3. f4 g6 4. Nf3 Bg7 5. Bc4 e6 6. e5 d6 7. exd6 Qxd6 8. Ne4 Qe7 9. O-O Nf6 10. d3 Bd7 11. c3 O-O 12. Be3 b6 13. Nxf6+ Bxf6 14. d4 cxd4 15. Nxd4 Rfd8 16. Nxc6 Bxc6 17. Qe2 Rd7 18. a4 Rad8 19. a5 Rb8 20. axb6 axb6 21. Ra6 Qd8 22. Qf2 Rbb7 23. Qe2 Qc7 24. Bb5 Bxb5 25. Qxb5 Be7 26. Bd4 Bc5 27. Ra4 Bxd4+ 1/2-1/2

[Event "North Bay int"]
[Site "North Bay CAN"]
[Date "1998.08.06"]
[Round "3"]
[White "Charest, Johanne"]
[Black "Yee, Lorne"]
[Result "0-1"]
[WhiteElo "2077"]
[BlackElo "2263"]
[PlyCount "72"]
[GameId "2160767911806584"]
[EventDate "1998.08.05"]
[EventType "swiss"]
[EventRounds "9"]
[EventCountry "CAN"]

1. e4 d5 2. exd5 Qxd5 3. Nc3 Qa5 4. d4 Nf6 5. Bc4 Bf5 6. Bd2 c6 7. Nf3 e6 8. O-O Qc7 9. Re1 Be7 10. a3 O-O 11. h3 h6 12. Ne5 Nbd7 13. Bf4 Bd6 14. g4 Bh7 15. h4 Nb6 16. g5 hxg5 17. hxg5 Nfd5 18. Nxd5 Nxd5 19. Bg3 Ne7 20. Kg2 Bxe5 21. Bxe5 Qd8 22. Qh5 Bg6 23. Qh2 Nf5 24. f4 Re8 25. Bd3 f6 26. gxf6 gxf6 27. Rh1 Kf7 28. Rad1 fxe5 29. dxe5 Rh8 30. Qxh8 Qd5+ 31. Kg1 Qd4+ 32. Kg2 Qd5+ 33. Kf2 Rxh8 34. Rxh8 Qd4+ 35. Ke2 Qe3+ 36. Kf1 Qxf4+ 0-1

[Event "North Bay int"]
[Site "North Bay CAN"]
[Date "1998.08.06"]
[Round "3"]
[White "Collins, Chris"]
[Black "Divljan, Igor"]
[Result "1-0"]
[WhiteElo "2232"]
[BlackElo "2181"]
[PlyCount "82"]
[GameId "2160767911806585"]
[EventDate "1998.08.05"]
[EventType "swiss"]
[EventRounds "9"]
[EventCountry "CAN"]
[SourceTitle "EXT 99"]
[Source "ChessBase"]
[SourceDate "1998.11.10"]
[SourceVersion "1"]
[SourceVersionDate "1998.11.10"]
[SourceQuality "1"]

1. e4 c5 2. Nc3 Nc6 3. g3 g6 4. Bg2 Bg7 5. d3 e5 6. Nd5 d6 7. Ne2 Be6 8. Nec3 Nge7 9. Bg5 Bxd5 10. Nxd5 Qa5+ 11. c3 Nxd5 12. exd5 Nb8 13. O-O Nd7 14. b4 cxb4 15. cxb4 Qb6 16. Rb1 O-O 17. a4 f6 18. Be3 Qd8 19. d4 Qe7 20. dxe5 fxe5 21. Bh3 Rfc8 22. Qg4 Nf6 23. Qe6+ Kf8 24. Qxe7+ Kxe7 25. Bxc8 Rxc8 26. Bg5 h6 27. Bxf6+ Bxf6 28. Rbc1 Rxc1 29. Rxc1 Kd7 30. h4 Bd8 31. a5 Be7 32. f3 Bd8 33. Rc4 b6 34. axb6 Bxb6+ 35. Kg2 Be3 36. b5 Bc5 37. Rg4 Kc7 38. Rxg6 Kb6 39. Rxh6 Kxb5 40. Rh8 Kc4 41. h5 Kxd5 1-0

[Event "North Bay int"]
[Site "North Bay CAN"]
[Date "1998.08.06"]
[Round "3"]
[White "Cormos, Eugene"]
[Black "Shapiro, Daniel"]
[Result "0-1"]
[WhiteElo "2095"]
[BlackElo "2305"]
[PlyCount "72"]
[GameId "2160767911806586"]
[EventDate "1998.08.05"]
[EventType "swiss"]
[EventRounds "9"]
[EventCountry "CAN"]
[SourceTitle "EXT 1999"]
[Source "ChessBase"]
[SourceDate "1998.11.10"]
[SourceVersion "1"]
[SourceVersionDate "1998.11.10"]
[SourceQuality "1"]

1. e4 c5 2. c3 d5 3. exd5 Qxd5 4. d4 Nf6 5. Nf3 e6 6. Bd3 Nc6 7. O-O Be7 8. Be3 Ng4 9. h3 Nxe3 10. fxe3 O-O 11. Nbd2 Bd7 12. Nc4 Rad8 13. Nfe5 Nxe5 14. Nxe5 Bc6 15. Qc2 g6 16. Rad1 Bg5 17. Rde1 Bh4 18. Bc4 Qd6 19. Rd1 Bg3 20. Nxc6 Qxc6 21. Qb3 Bb8 22. d5 Qc7 23. Rf3 exd5 24. Rxd5 Rxd5 25. Bxd5 b6 26. e4 Kg7 27. c4 Qh2+ 28. Kf2 Be5 29. Qc2 Bd4+ 30. Ke1 f5 31. Qe2 Re8 32. Kd1 Qe5 33. Kc1 Re7 34. b3 fxe4 35. Rf1 b5 36. cxb5 Qxd5 0-1

[Event "North Bay int"]
[Site "North Bay CAN"]
[Date "1998.08.06"]
[Round "3"]
[White "Curdo, John"]
[Black "Peredun, Andrew"]
[Result "1-0"]
[WhiteElo "2295"]
[BlackElo "2234"]
[PlyCount "43"]
[GameId "2160767911806587"]
[EventDate "1998.08.05"]
[EventType "swiss"]
[EventRounds "9"]
[EventCountry "CAN"]
[SourceTitle "EXT 99"]
[Source "ChessBase"]
[SourceDate "1998.11.10"]
[SourceVersion "1"]
[SourceVersionDate "1998.11.10"]
[SourceQuality "1"]

1. e4 e5 2. Nf3 Nc6 3. Nc3 Nf6 4. Bb5 Bc5 5. O-O d6 6. d4 exd4 7. Nxd4 Bd7 8. Nf5 Bxf5 9. exf5 O-O 10. Bg5 Nd4 11. Bd3 d5 12. Bxf6 gxf6 13. Na4 Qd6 14. Qg4+ Kh8 15. Nxc5 Qxc5 16. Qh4 Rg8 17. Qxf6+ Rg7 18. Kh1 Nxc2 19. Qh6 Nxa1 20. f6 Rag8 21. fxg7+ Rxg7 22. Re1 1-0

[Event "North Bay int"]
[Site "North Bay CAN"]
[Date "1998.08.06"]
[Round "3"]
[White "Day, Lawrence"]
[Black "Rajlich, Vasik"]
[Result "1/2-1/2"]
[WhiteElo "2355"]
[BlackElo "2270"]
[PlyCount "38"]
[GameId "2160767911806588"]
[EventDate "1998.08.05"]
[EventType "swiss"]
[EventRounds "9"]
[EventCountry "CAN"]
[SourceTitle "EXT 1999"]
[Source "ChessBase"]
[SourceDate "1998.11.10"]
[SourceVersion "1"]
[SourceVersionDate "1998.11.10"]
[SourceQuality "1"]

1. e4 e5 2. Nc3 Nf6 3. g3 Bc5 4. Bg2 O-O 5. d3 c6 6. Nge2 Ng4 7. O-O f5 8. d4 exd4 9. Na4 d6 10. Nxd4 fxe4 11. Bxe4 Rxf2 12. Rxf2 Nxf2 13. Kxf2 Qf6+ 14. Ke3 Bg4 15. Qxg4 Qxd4+ 16. Ke2 Qf2+ 17. Kd1 Qg1+ 18. Kd2 Qd4+ 19. Ke2 Qf2+ 1/2-1/2

[Event "North Bay int"]
[Site "North Bay CAN"]
[Date "1998.08.06"]
[Round "3"]
[White "Ellis, James"]
[Black "Wen, Jean-Francois"]
[Result "1/2-1/2"]
[WhiteElo "2271"]
[BlackElo "2217"]
[PlyCount "39"]
[GameId "2160767911806589"]
[EventDate "1998.08.05"]
[EventType "swiss"]
[EventRounds "9"]
[EventCountry "CAN"]
[SourceTitle "EXT 99"]
[Source "ChessBase"]
[SourceDate "1998.11.10"]
[SourceVersion "1"]
[SourceVersionDate "1998.11.10"]
[SourceQuality "1"]

1. e4 g6 2. d4 Bg7 3. Nc3 d6 4. f4 Nc6 5. Be3 Nf6 6. Nf3 O-O 7. Be2 a6 8. e5 Ng4 9. Bg1 b5 10. h3 Nh6 11. g4 b4 12. Ne4 f5 13. exf6 exf6 14. Ng3 f5 15. g5 Nf7 16. d5 Ne7 17. Bd4 Bb7 18. Bxg7 Kxg7 19. Bc4 c5 20. h4 1/2-1/2

[Event "North Bay int"]
[Site "North Bay CAN"]
[Date "1998.08.06"]
[Round "3"]
[White "Fernandez, Daniel"]
[Black "Johnstone, Glenn"]
[Result "0-1"]
[WhiteElo "2145"]
[BlackElo "2265"]
[PlyCount "84"]
[GameId "2160767911806590"]
[EventDate "1998.08.05"]
[EventType "swiss"]
[EventRounds "9"]
[EventCountry "CAN"]
[SourceTitle "EXT 99"]
[Source "ChessBase"]
[SourceDate "1998.11.10"]
[SourceVersion "1"]
[SourceVersionDate "1998.11.10"]
[SourceQuality "1"]

1. e4 e5 2. Nf3 Nc6 3. d4 exd4 4. Nxd4 Bc5 5. Nxc6 bxc6 6. Bc4 Qf6 7. O-O Ne7 8. Qh5 d6 9. b4 Bxb4 10. e5 Qg6 11. Qh4 Qg4 12. Qxg4 Bxg4 13. Bb2 d5 14. Bd3 O-O 15. c3 Bc5 16. Nd2 Rfe8 17. Nb3 Bb6 18. c4 Rab8 19. Ba3 dxc4 20. Bxc4 Ng6 21. h3 Nxe5 22. Bxf7+ Kxf7 23. hxg4 Nxg4 24. Nc5 Re2 25. Rad1 Rxa2 26. Rd7+ Kg8 27. Ne6 Kh8 28. Bf8 Bxf2+ 29. Kh1 Rb5 30. Bc5 h5 31. Ng5 Rb8 32. Rfd1 Re2 33. Be7 Rxe7 34. Rxe7 Bc5 35. Re2 Nf2+ 36. Rxf2 Bxf2 37. Rf1 Bg3 38. Ne4 Bd6 39. g3 Kg8 40. Ra1 Re8 41. Ng5 Bxg3 42. Rxa7 Bf4 0-1

[Event "North Bay int"]
[Site "North Bay CAN"]
[Date "1998.08.06"]
[Round "3"]
[White "Gamback, Bjorn"]
[Black "Huber, Gregory"]
[Result "1/2-1/2"]
[WhiteElo "2215"]
[BlackElo "2265"]
[PlyCount "118"]
[GameId "2160767911806591"]
[EventDate "1998.08.05"]
[EventType "swiss"]
[EventRounds "9"]
[EventCountry "CAN"]
[SourceTitle "EXT 1999"]
[Source "ChessBase"]
[SourceDate "1998.11.10"]
[SourceVersion "1"]
[SourceVersionDate "1998.11.10"]
[SourceQuality "1"]

1. e4 c5 2. c3 d5 3. exd5 Qxd5 4. d4 Nf6 5. Nf3 Bg4 6. Be2 e6 7. h3 Bh5 8. Na3 Nc6 9. c4 Qd7 10. g4 Bg6 11. d5 exd5 12. g5 d4 13. gxf6 d3 14. Nh4 dxe2 15. Qxe2+ Qe6 16. Qxe6+ fxe6 17. Nxg6 hxg6 18. Bg5 Rh5 19. h4 gxf6 20. Bxf6 Be7 21. Bxe7 Kxe7 22. O-O-O Rah8 23. Rhg1 R8h6 24. Nb5 Rxh4 25. b3 a6 26. Nc3 Nd4 27. Rg5 R4h5 28. Rdg1 Rh3 29. R1g3 Rxg3 30. Rxg3 Kf6 31. Re3 Rh5 32. Ne4+ Ke7 33. Kd2 Rf5 34. Rg3 g5 35. Ke3 Rf8 36. Rxg5 Rf3+ 37. Kd2 Rxf2+ 38. Ke3 Rf3+ 39. Kd2 b6 40. Rg7+ Rf7 41. Rg8 Rf4 42. Ke3 Rf3+ 43. Kd2 Rf8 44. Rg7+ Rf7 45. Rg8 Rf4 46. Ke3 e5 47. Rg7+ Rf7 48. Rg8 Nf5+ 49. Kd3 Rf8 50. Rxf8 Kxf8 51. Nf6 Ke7 52. Nd5+ Ke6 53. Nxb6 Nd6 54. Na4 e4+ 55. Ke3 Ke5 56. Nxc5 Nf5+ 57. Ke2 Nd4+ 58. Ke3 Nf5+ 59. Ke2 Nd4+ 1/2-1/2

[Event "North Bay int"]
[Site "North Bay CAN"]
[Date "1998.08.06"]
[Round "3"]
[White "Gardner, Robert"]
[Black "St Amand, Paul Jr"]
[Result "1-0"]
[WhiteElo "2185"]
[BlackElo "2220"]
[PlyCount "85"]
[GameId "2160767911806592"]
[EventDate "1998.08.05"]
[EventType "swiss"]
[EventRounds "9"]
[EventCountry "CAN"]
[SourceTitle "EXT 99"]
[Source "ChessBase"]
[SourceDate "1998.11.10"]
[SourceVersion "1"]
[SourceVersionDate "1998.11.10"]
[SourceQuality "1"]

1. e4 c5 2. Nf3 d6 3. d4 cxd4 4. Nxd4 Nf6 5. Nc3 a6 6. Be2 e5 7. Nb3 Be7 8. Be3 Be6 9. O-O O-O 10. Qd2 Nbd7 11. a4 Rc8 12. f3 Qc7 13. Rfd1 Rfd8 14. Rac1 Nb6 15. a5 Nc4 16. Bxc4 Qxc4 17. Nd5 Nxd5 18. exd5 Bf5 19. Na1 Re8 20. b3 Qc3 21. Qxc3 Rxc3 22. Bd2 Rc7 23. c4 Rec8 24. Be3 Bd8 25. Bb6 Rd7 26. Bxd8 Rcxd8 27. b4 Rc7 28. Nb3 Bd7 29. Rd3 Rdc8 30. Rdc3 f5 31. c5 Kf8 32. g3 g6 33. f4 e4 34. Nd4 Kf7 35. c6 bxc6 36. dxc6 Be8 37. b5 axb5 38. Nxb5 Rxc6 39. Nxd6+ Rxd6 40. Rxc8 Bb5 41. R8c5 Be2 42. Rc7+ Ke6 43. R1c6 1-0

[Event "North Bay int"]
[Site "North Bay CAN"]
[Date "1998.08.06"]
[Round "3"]
[White "Kosic, Dragan"]
[Black "Serper, Grigory"]
[Result "1/2-1/2"]
[WhiteElo "2505"]
[BlackElo "2535"]
[PlyCount "65"]
[GameId "2160767911806594"]
[EventDate "1998.08.05"]
[EventType "swiss"]
[EventRounds "9"]
[EventCountry "CAN"]
[SourceTitle "EXT 99"]
[Source "ChessBase"]
[SourceDate "1998.11.10"]
[SourceVersion "1"]
[SourceVersionDate "1998.11.10"]
[SourceQuality "1"]

1. d4 c5 2. c3 cxd4 3. cxd4 d5 4. Nc3 Nf6 5. Bf4 Nc6 6. e3 a6 7. Nf3 Bg4 8. Be2 e6 9. Ne5 Bxe2 10. Qxe2 Rc8 11. O-O Bd6 12. Nxc6 Rxc6 13. Bxd6 Qxd6 14. Rfc1 O-O 15. a3 Rfc8 16. Na2 h6 17. Rxc6 Qxc6 18. Qf1 Qa4 19. Rc1 Rc4 20. Rxc4 dxc4 21. Qc1 Qb3 22. Nc3 b5 23. f3 a5 24. Kf2 b4 25. axb4 axb4 26. Nd1 Nd5 27. e4 Nb6 28. Ke1 Na4 29. d5 exd5 30. exd5 Qd3 31. Qd2 Qxd2+ 32. Kxd2 Kf8 33. Ke3 1/2-1/2

[Event "North Bay int"]
[Site "North Bay CAN"]
[Date "1998.08.06"]
[Round "3"]
[White "Olson, David L"]
[Black "Djerkovic, Miladin"]
[Result "0-1"]
[WhiteElo "2135"]
[BlackElo "2265"]
[PlyCount "108"]
[GameId "2160767911806599"]
[EventDate "1998.08.05"]
[EventType "swiss"]
[EventRounds "9"]
[EventCountry "CAN"]
[SourceTitle "EXT 99"]
[Source "ChessBase"]
[SourceDate "1998.11.10"]
[SourceVersion "1"]
[SourceVersionDate "1998.11.10"]
[SourceQuality "1"]

1. e4 e5 2. Nf3 Nc6 3. Bb5 a6 4. Ba4 Nf6 5. O-O Be7 6. Re1 b5 7. Bb3 d6 8. c3 O-O 9. d4 Bg4 10. d5 Na5 11. Bc2 c6 12. h3 Bd7 13. dxc6 Bxc6 14. Nbd2 Qc7 15. Nf1 Rfe8 16. Ng3 h6 17. a4 Nc4 18. b3 Na5 19. axb5 axb5 20. Nf5 Bf8 21. Ba3 Nb7 22. c4 bxc4 23. bxc4 g6 24. Ng3 Na5 25. Qe2 Bd7 26. Nd2 Be6 27. Bd3 Rec8 28. Rec1 Nc6 29. Ngf1 Nd4 30. Qd1 Nh5 31. Ne3 Nf4 32. Bf1 Qd7 33. Bb2 Rab8 34. Bxd4 exd4 35. Nd5 Bxd5 36. cxd5 Bg7 37. Rxc8+ Rxc8 38. Rc1 Rc3 39. Nc4 Qe7 40. g3 Nh5 41. Bd3 Nf6 42. Rxc3 dxc3 43. Qc2 Nd7 44. f3 Nc5 45. Be2 Be5 46. Kf2 h5 47. Na3 h4 48. g4 Qg5 49. Nc4 Bd4+ 50. Ke1 Qf4 51. Kd1 Qg3 52. Kc1 Qxh3 53. Nxd6 Qg2 54. Bd1 Nd3+ 0-1

[Event "North Bay int"]
[Site "North Bay CAN"]
[Date "1998.08.06"]
[Round "3"]
[White "Olszewski, Piotr"]
[Black "Jackson, Richard"]
[Result "1-0"]
[WhiteElo "2315"]
[BlackElo "2220"]
[PlyCount "136"]
[GameId "2160767911806600"]
[EventDate "1998.08.05"]
[EventType "swiss"]
[EventRounds "9"]
[EventCountry "CAN"]
[SourceTitle "EXT 99"]
[Source "ChessBase"]
[SourceDate "1998.11.10"]
[SourceVersion "1"]
[SourceVersionDate "1998.11.10"]
[SourceQuality "1"]

1. d4 g6 2. g3 Bg7 3. Bg2 Nf6 4. e4 d6 5. Ne2 O-O 6. c4 e5 7. O-O Nbd7 8. Nbc3 Re8 9. Rb1 exd4 10. Nxd4 Nc5 11. Re1 a5 12. Ndb5 Be6 13. e5 dxe5 14. Qxd8 Rexd8 15. Nxc7 Rac8 16. Nxe6 fxe6 17. Be3 Nd3 18. Red1 Rxc4 19. Bxb7 e4 20. Ba6 Rc6 21. Bb5 Rcd6 22. Kf1 h6 23. Ke2 Nb4 24. Bb6 Rxd1 25. Rxd1 Rxd1 26. Nxd1 Nfd5 27. Bxa5 Nc2 28. Bc4 Nd4+ 29. Kf1 Nc6 30. Bc3 Bf8 31. a3 Kf7 32. Ke2 Bc5 33. b4 Nxc3+ 34. Nxc3 Nxb4 35. axb4 Bxb4 36. Nxe4 Ke7 37. Ke3 g5 38. Kd4 Ba5 39. Kc5 Be1 40. h3 Ba5 41. Kc6 Bb4 42. g4 Ba3 43. Nc5 e5 44. Kd5 Bb2 45. Nd3 Bd4 46. f3 Kf6 47. Kd6 Bc3 48. Nf2 Bb2 49. Ne4+ Kg7 50. Ke7 Ba3+ 51. Ke6 Bb2 52. Bb5 Bd4 53. Ng3 Bb2 54. Nf5+ Kh7 55. Bd3 Ba1 56. Nd6+ Kg7 57. Nf7 Bd4 58. Nxe5 Be3 59. Nc4 Bc1 60. Nd6 Bb2 61. Nf5+ Kg6 62. Ke7 Ba3+ 63. Ke8 Bb4 64. Bc4 Ba3 65. Bf7+ Kh7 66. Bh5 Bb4 67. Kf7 Ba3 68. Bg6+ Kh8 1-0

[Event "North Bay int"]
[Site "North Bay CAN"]
[Date "1998.08.06"]
[Round "3"]
[White "Puri, Vinny"]
[Black "Fedorowicz, John"]
[Result "0-1"]
[WhiteElo "2260"]
[BlackElo "2540"]
[PlyCount "94"]
[GameId "2160767911806602"]
[EventDate "1998.08.05"]
[EventType "swiss"]
[EventRounds "9"]
[EventCountry "CAN"]
[SourceTitle "EXT 1999"]
[Source "ChessBase"]
[SourceDate "1998.11.10"]
[SourceVersion "1"]
[SourceVersionDate "1998.11.10"]
[SourceQuality "1"]

1. c4 Nf6 2. Nc3 g6 3. e4 d6 4. d4 Bg7 5. f3 O-O 6. Be3 c5 7. Nge2 Nc6 8. Qd2 a6 9. dxc5 dxc5 10. Qxd8 Rxd8 11. Bxc5 Nd7 12. Be3 b5 13. O-O-O Nde5 14. Nd4 Nxd4 15. Bxd4 Nxc4 16. Bxg7 Rxd1+ 17. Nxd1 Kxg7 18. Bxc4 bxc4 19. Ne3 Be6 20. Rd1 f5 21. exf5 gxf5 22. f4 Kf6 23. Kc2 h5 24. Kc3 Rc8 25. Rd4 Rg8 26. Rd2 Rc8 27. g3 h4 28. gxh4 Rh8 29. Nxc4 Rxh4 30. Rf2 Bxc4 31. Kxc4 e5 32. Kd5 exf4 33. b4 Kg5 34. a4 f3 35. b5 axb5 36. axb5 Kf4 37. b6 Ke3 38. Rb2 f2 39. Rb1 Rxh2 40. b7 Rh8 41. Ke5 Ke2 42. Rb2+ Kf3 43. b8=Q Rxb8 44. Rxb8 f1=Q 45. Kxf5 Qc4 46. Kg6 Qg4+ 47. Kh7 Qh4+ 0-1

[Event "North Bay int"]
[Site "North Bay CAN"]
[Date "1998.08.06"]
[Round "3"]
[White "Remedios, Russell"]
[Black "Gulati, Justin"]
[Result "0-1"]
[WhiteElo "2171"]
[BlackElo "2030"]
[PlyCount "90"]
[GameId "2160767911806604"]
[EventDate "1998.08.05"]
[EventType "swiss"]
[EventRounds "9"]
[EventCountry "CAN"]
[SourceTitle "EXT 99"]
[Source "ChessBase"]
[SourceDate "1998.11.10"]
[SourceVersion "1"]
[SourceVersionDate "1998.11.10"]
[SourceQuality "1"]

1. d4 g6 2. c4 Bg7 3. g3 d6 4. Nf3 Nf6 5. Bg2 Na6 6. Nc3 O-O 7. O-O c5 8. e4 cxd4 9. Nxd4 Nc5 10. b3 Qb6 11. Bb2 Bd7 12. Nd5 Nxd5 13. exd5 Na4 14. bxa4 Qxb2 15. Nb3 Bxa4 16. Rb1 Qxa2 17. Qd3 Rac8 18. Rfc1 Bxb3 19. Rxb3 Qa6 20. Qe3 Rc7 21. Bf1 Qa5 22. Ra3 Qb6 23. Qxb6 axb6 24. Rb1 Bd4 25. Rd1 Bc5 26. Ra2 e5 27. Kg2 Rb8 28. Ra4 Bd4 29. Rd3 b5 30. cxb5 Rc5 31. Rdxd4 exd4 32. Rxd4 Re8 33. Kf3 f5 34. h4 Kf7 35. g4 Re5 36. g5 Ke7 37. h5 Rcxd5 38. Rh4 Re4 39. Rh2 Kf7 40. hxg6+ Kxg6 41. Rh6+ Kg7 42. Bh3 Rd3+ 43. Kg2 Re5 44. Rf6 Rxb5 45. Bxf5 Rdd5 0-1

[Event "North Bay int"]
[Site "North Bay CAN"]
[Date "1998.08.06"]
[Round "3"]
[White "Southam, David"]
[Black "Howarth, Anthony"]
[Result "0-1"]
[WhiteElo "2155"]
[BlackElo "2214"]
[PlyCount "80"]
[GameId "2160767911806605"]
[EventDate "1998.08.05"]
[EventType "swiss"]
[EventRounds "9"]
[EventCountry "CAN"]
[SourceTitle "EXT 99"]
[Source "ChessBase"]
[SourceDate "1998.11.10"]
[SourceVersion "1"]
[SourceVersionDate "1998.11.10"]
[SourceQuality "1"]

1. d4 g6 2. c4 Bg7 3. Nc3 d6 4. Nf3 Nf6 5. e4 c5 6. Be2 cxd4 7. Nxd4 Nc6 8. Nc2 O-O 9. O-O Bd7 10. Be3 a5 11. f3 a4 12. Nd5 Nxd5 13. exd5 Na7 14. Rb1 b5 15. b3 Qc7 16. Nd4 axb3 17. axb3 Rfb8 18. Qc2 bxc4 19. bxc4 Nc8 20. Nb5 Qa5 21. Qd1 Nb6 22. Qb3 Na4 23. Kh1 Nc5 24. Bxc5 dxc5 25. Bd3 Qd2 26. Rbd1 Qa2 27. Qxa2 Rxa2 28. f4 Ra4 29. Rc1 Rb4 30. h3 Rb3 31. Rcd1 Bxb5 32. cxb5 Rc3 33. Rfe1 Kf8 34. Re4 Bd4 35. Bf1 Rd8 36. Rde1 Bf2 37. Rd1 Bg3 38. Bc4 f5 39. d6 Rxd6 40. Rxd6 Rc1+ 0-1

[Event "North Bay int"]
[Site "North Bay CAN"]
[Date "1998.08.06"]
[Round "3"]
[White "Wenaas, Eric"]
[Black "Feldman, Steven"]
[Result "1-0"]
[WhiteElo "2080"]
[BlackElo "2325"]
[PlyCount "93"]
[GameId "2160767911806606"]
[EventDate "1998.08.05"]
[EventType "swiss"]
[EventRounds "9"]
[EventCountry "CAN"]
[SourceTitle "EXT 99"]
[Source "ChessBase"]
[SourceDate "1998.11.10"]
[SourceVersion "1"]
[SourceVersionDate "1998.11.10"]
[SourceQuality "1"]

1. Nf3 Nc6 2. c4 e5 3. Nc3 Nf6 4. e3 Bb4 5. Qc2 O-O 6. Nd5 Be7 7. a3 d6 8. Be2 Nxd5 9. cxd5 Nb8 10. d4 Bg4 11. dxe5 dxe5 12. Qc4 Bxf3 13. Bxf3 Bd6 14. e4 Nd7 15. O-O Qe7 16. Be3 Rfc8 17. Rfd1 c5 18. Bg4 Rc7 19. Bxd7 Qxd7 20. a4 b6 21. Qb5 Qc8 22. a5 Rb8 23. a6 g6 24. Rdc1 Qd7 25. Qxd7 Rxd7 26. Kf1 Rc7 27. b3 Kf8 28. Ke2 Ke7 29. Rc2 Kd7 30. Rac1 Rbc8 31. Kd3 b5 32. g3 f6 33. f4 exf4 34. gxf4 Ke7 35. h3 Kd7 36. e5 fxe5 37. fxe5 Bxe5 38. Rxc5 Rxc5 39. Rxc5 Rxc5 40. Bxc5 Bb8 41. Kc3 g5 42. Be3 h6 43. Kd4 Bf4 44. Bf2 Bb8 45. Ke4 Ke7 46. Kf5 Kf7 47. Bc5 1-0

[Event "North Bay int"]
[Site "North Bay CAN"]
[Date "1998.08.06"]
[Round "3"]
[White "Zaderman, Yuri"]
[Black "Khassanov, Marat"]
[Result "1-0"]
[WhiteElo "2265"]
[BlackElo "2320"]
[PlyCount "53"]
[GameId "2160767911806608"]
[EventDate "1998.08.05"]
[EventType "swiss"]
[EventRounds "9"]
[EventCountry "CAN"]
[SourceTitle "EXT 99"]
[Source "ChessBase"]
[SourceDate "1998.11.10"]
[SourceVersion "1"]
[SourceVersionDate "1998.11.10"]
[SourceQuality "1"]

1. e4 e5 2. Nf3 Nc6 3. d4 exd4 4. c3 Nf6 5. e5 Nd5 6. Qb3 Nb6 7. cxd4 d5 8. Bb5 Be7 9. O-O O-O 10. Be3 Nc4 11. Nbd2 Be6 12. Qc2 Nb4 13. Qc3 Nxd2 14. Nxd2 a6 15. Ba4 Bd7 16. Bb3 Bb5 17. Rfe1 a5 18. a3 Nd3 19. Red1 c5 20. dxc5 b6 21. cxb6 a4 22. b7 Ra6 23. Ba2 Rc6 24. Qd4 Bc5 25. Qxd5 Bxe3 26. fxe3 Qg5 27. Qxf7+ 1-0

[Event "North Bay int"]
[Site "North Bay CAN"]
[Date "1998.08.06"]
[Round "4"]
[White "Divljan, Igor"]
[Black "Khan, Zamir"]
[Result "0-1"]
[WhiteElo "2181"]
[BlackElo "2151"]
[PlyCount "78"]
[GameId "2160767911806610"]
[EventDate "1998.08.05"]
[EventType "swiss"]
[EventRounds "9"]
[EventCountry "CAN"]
[SourceTitle "EXT 99"]
[Source "ChessBase"]
[SourceDate "1998.11.10"]
[SourceVersion "1"]
[SourceVersionDate "1998.11.10"]
[SourceQuality "1"]

1. d4 Nf6 2. c4 e6 3. Nc3 Bb4 4. Qc2 c5 5. dxc5 Qc7 6. Bg5 Qe5 7. Nf3 Bxc3+ 8. bxc3 Qxc5 9. Bxf6 gxf6 10. Nd2 Ke7 11. g3 Qc7 12. Bg2 d6 13. e4 Bd7 14. O-O Nc6 15. Rfd1 Ne5 16. Rab1 Rab8 17. h3 Rhc8 18. f4 Nxc4 19. Nxc4 Qxc4 20. e5 fxe5 21. fxe5 Qc5+ 22. Kh1 Qxe5 23. Qxh7 Rh8 24. Qd3 Bc6 25. Bxc6 bxc6 26. Kg2 Qd5+ 27. Qxd5 cxd5 28. h4 e5 29. Kh3 Ke6 30. g4 Rbc8 31. Rd3 e4 32. Re3 Rc7 33. Rf1 Rhc8 34. Rc1 Ke5 35. h5 Kf4 36. Rg3 e3 37. h6 Rxc3 38. Rf1+ Kg5 39. Rgf3 e2 0-1